000 00639nam a2200169 a 4500
008 120416s1987 ||||||||||||||||| || u
050 _aQA 377 Bri
100 _aBriggs, William L
245 1 2 _aA multigrid tutorial
260 _aPhiladelphia
_bS.I.A.M
_c1987
300 _aiv, 90p. : ill
350 _a0.00
650 0 _aMATHEMATICS--HANDBOOKS, MANUALS, ETC
650 _aDIFFERENTIAL EQUATIONS, PARTIAL--NUMERICAL SOLUTIONS
650 _aMULTIGRID METHODS(NUMERICAL ANALYSIS)
995 _D0.00
_FCBU-MAIN LIBRARY (Kitwe)
_H1
_I13.50
_M1
_UAVAILABLE
_ZAnnex Low-Usage Collection
999 _c51763
_d51763